000 00417nam a22001217a 4500
082 _a200 THE
100 _aSALMAN MEHMOOD KHAN SHERWANI
_969919
245 _aTH-SOF-1334-Decision Support System for Automated Detection of Glaucoma using Digital Fundus Imagery
260 _aIslamabad
_bNUST College of EME
_c2016
650 _aMS-MTS-78 MSTHESIS
_969920
700 _aSupervisor Dr. Mohsin Islam Tiwana
942 _cCF
999 _c576999
_d576999